| 000 | 00650nam a22002297a 4500 | ||
|---|---|---|---|
| 003 | UA-OsUOA | ||
| 001 | 136360 | ||
| 007 | ta | ||
| 008 | 20190321b un ||||| |||| 00| 0 ukr d | ||
| 100 | _aОгарев Н.П. | ||
| 090 |
_a882 _bО-36 |
||
| 942 | _cBK | ||
| 040 |
_aUA-OsUOA _brus _cUA-OsUOA _dUA-OsUOA |
||
| 245 | _aИзбранные стихотворения | ||
| 300 | _a111 с. | ||
| 955 | _a3 | ||
| 041 | _arus | ||
| 080 | _a882 | ||
| 260 |
_aМ. _bДетская литература _c1988 |
||
| 650 | 7 |
_a8 Мовознавство. Художня література. Літературознавство _2UDC |
|
| 999 |
_c417047 _d417047 |
||